<?xml version="1.0" encoding="UTF-8"?>
<record
    xmlns:xsi="http://www.w3.org/2001/XMLSchema-instance"
    xsi:schemaLocation="http://www.loc.gov/MARC21/slim http://www.loc.gov/standards/marcxml/schema/MARC21slim.xsd"
    xmlns="http://www.loc.gov/MARC21/slim">

  <leader>01070nam a2200277 a 4500</leader>
  <controlfield tag="001">1513539</controlfield>
  <controlfield tag="003">CO-ViMGA</controlfield>
  <controlfield tag="005">20230915233607.0</controlfield>
  <controlfield tag="008">170126s2016    ck a   gr     00010 spa d</controlfield>
  <datafield tag="020" ind1=" " ind2=" ">
    <subfield code="a">9789587668155</subfield>
  </datafield>
  <datafield tag="040" ind1=" " ind2=" ">
    <subfield code="a">CO-ViMGA</subfield>
    <subfield code="b">spa</subfield>
    <subfield code="c">CO-ViMGA</subfield>
  </datafield>
  <datafield tag="041" ind1="1" ind2=" ">
    <subfield code="h">eng</subfield>
  </datafield>
  <datafield tag="082" ind1="0" ind2="4">
    <subfield code="a">567.91 </subfield>
    <subfield code="b">M25g1 </subfield>
    <subfield code="2">21</subfield>
  </datafield>
  <datafield tag="100" ind1="1" ind2=" ">
    <subfield code="a">McNab, Chris, </subfield>
    <subfield code="d">1970-</subfield>
    <subfield code="9">82</subfield>
  </datafield>
  <datafield tag="245" ind1="1" ind2="3">
    <subfield code="a">La gran enciclopedia de los dinosaurios y reptiles prehistor&#x324;icos /</subfield>
    <subfield code="c">Chris McNab ; asesor cientif&#x315;ico profesor Michael J. Benton ; traductor bernardo Bort Misol.</subfield>
  </datafield>
  <datafield tag="250" ind1=" " ind2=" ">
    <subfield code="a">Segunda edicion&#x324;.</subfield>
  </datafield>
  <datafield tag="260" ind1=" " ind2=" ">
    <subfield code="a">Bogota :&#x300; </subfield>
    <subfield code="b">Panamericana Editorial, </subfield>
    <subfield code="c">2016.</subfield>
  </datafield>
  <datafield tag="300" ind1=" " ind2=" ">
    <subfield code="a">160 pag&#x300;inas : </subfield>
    <subfield code="b">ilustraciones ; </subfield>
    <subfield code="c">29 cm.</subfield>
  </datafield>
  <datafield tag="500" ind1=" " ind2=" ">
    <subfield code="a">Incluye in&#x315;dice.</subfield>
  </datafield>
  <datafield tag="650" ind1="1" ind2="4">
    <subfield code="a">Dinosaurios</subfield>
    <subfield code="x"> Clasificacion&#x324;</subfield>
    <subfield code="v"> Literatura juvenil.</subfield>
    <subfield code="9">85</subfield>
  </datafield>
  <datafield tag="650" ind1="1" ind2="4">
    <subfield code="a">Dinosaurios</subfield>
    <subfield code="x"> Hab&#x300;itos y conducta</subfield>
    <subfield code="v"> Literatura juvenil.</subfield>
    <subfield code="9">83</subfield>
  </datafield>
  <datafield tag="650" ind1="1" ind2="4">
    <subfield code="a">Dinosaurios</subfield>
    <subfield code="x"> Historia</subfield>
    <subfield code="v"> Literatura juvenil.</subfield>
    <subfield code="9">84</subfield>
  </datafield>
  <datafield tag="650" ind1="1" ind2="4">
    <subfield code="a">Origen de la tierra</subfield>
    <subfield code="v"> Literatura juvenil.</subfield>
    <subfield code="9">86</subfield>
  </datafield>
  <datafield tag="700" ind1="1" ind2=" ">
    <subfield code="a">Bort Misol, Bernardo, </subfield>
    <subfield code="e">traductor.</subfield>
    <subfield code="9">87</subfield>
  </datafield>
  <datafield tag="942" ind1=" " ind2=" ">
    <subfield code="2">ddc</subfield>
    <subfield code="c">BK</subfield>
  </datafield>
  <datafield tag="999" ind1=" " ind2=" ">
    <subfield code="c">37129</subfield>
    <subfield code="d">37129</subfield>
  </datafield>
  <datafield tag="952" ind1=" " ind2=" ">
    <subfield code="0">1</subfield>
    <subfield code="1">0</subfield>
    <subfield code="2">ddc</subfield>
    <subfield code="4">0</subfield>
    <subfield code="7">0</subfield>
    <subfield code="8">008</subfield>
    <subfield code="a">MEVIECAR</subfield>
    <subfield code="b">MEVIECAR</subfield>
    <subfield code="d">2020-01-21</subfield>
    <subfield code="l">1</subfield>
    <subfield code="o">567.91 M25g1 </subfield>
    <subfield code="p">32992</subfield>
    <subfield code="r">2022-11-03 00:00:00</subfield>
    <subfield code="s">2022-10-24</subfield>
    <subfield code="w">2020-01-21</subfield>
    <subfield code="y">BK</subfield>
  </datafield>
  <datafield tag="952" ind1=" " ind2=" ">
    <subfield code="0">1</subfield>
    <subfield code="1">0</subfield>
    <subfield code="2">ddc</subfield>
    <subfield code="4">0</subfield>
    <subfield code="7">0</subfield>
    <subfield code="8">008</subfield>
    <subfield code="a">MEVIECAR</subfield>
    <subfield code="b">MEVIECAR</subfield>
    <subfield code="d">2020-01-21</subfield>
    <subfield code="l">0</subfield>
    <subfield code="o">567.91 M25g1 </subfield>
    <subfield code="p">32991</subfield>
    <subfield code="r">2020-01-21 00:00:00</subfield>
    <subfield code="w">2020-01-21</subfield>
    <subfield code="y">BK</subfield>
  </datafield>
</record>
